Bioinformatics Biocomputing And Perl An Introduction to Bioinformatics Computing Skills And Practice (Record no. 23394)
[ view plain ]
| 000 -LEADER | |
|---|---|
| fixed length control field | 00357nam a22000977a 4500 |
| 008 - FIXED-LENGTH DATA ELEMENTS--GENERAL INFORMATION | |
| fixed length control field | 130416b xxu||||| |||| 00| 0 eng d |
| 020 ## - INTERNATIONAL STANDARD BOOK NUMBER | |
| International Standard Book Number | 978047085331 |
| 050 ## - LIBRARY OF CONGRESS CALL NUMBER | |
| Classification number | 570.285571262PAU |
| Item number | 002284 |
| 245 ## - TITLE STATEMENT | |
| Title | Bioinformatics Biocomputing And Perl An Introduction to Bioinformatics Computing Skills And Practice |
| Statement of responsibility, etc. | Paul Barry,Michael Moorhouse |
| 260 ## - PUBLICATION, DISTRIBUTION, ETC. | |
| Place of publication, distribution, etc. | USA |
| Name of publisher, distributor, etc. | Springer |
| Date of publication, distribution, etc. | 2004 |
| Withdrawn status | Lost status | Source of classification or shelving scheme | Damaged status | Not for loan | Collection code | Permanent Location | Current Location | Shelving location | Date acquired | Total Checkouts | Barcode | Date last seen | Date last checked out | Price effective from | Koha item type |
|---|---|---|---|---|---|---|---|---|---|---|---|---|---|---|---|
| School of Interdisciplinary Engineering and Sciences (SINES) | School of Interdisciplinary Engineering and Sciences (SINES) | General Stacks | 04/16/2013 | 1 | RCMS002284 | 12/07/2015 | 10/06/2015 | 04/16/2013 | Book |
